Culture générale par lettre - Z. - Statistiques

Statistiques générales
  • Ce quiz a été pris 3 521 fois
  • Le résultat moyen est 13 sur 15
Statistiques - réponses
Questions Réponses % Correct
Animal à rayures, noir et blanc. Zèbre
100%
Prénom du Footballeur Ibrahimovic. Zlatan
95%
Science qui étudie les animaux. Zoologie
95%
Sa capitale est Harare. Zimbabwe
92%
Footballeur ayant inscrit un doublé lors de la finale de la coupe du monde 1998. Zinédine Zidane
92%
Nom de famille de l'écrivain de "Germinal" et "l'assommoir". Zola
92%
Chanteuse Française, interprète de "Je suis un homme" et "Zen". Zazie
89%
Capitale de la Croatie. Zagreb
88%
Princesse de jeux vidéo, que doit sauver le héros "Link". Zelda
88%
Élément chimique de numéro atomique 30 et de symbole Zn. Zinc
83%
Personnage de fiction créé en 1919, alias "Don Diego de la Vega". Zorro
83%
Actrice Américaine, révélée en 2017 au cinéma dans "Spider-Man Homecoming". Zendaya
76%
Muscle de la pommette de la joue. Zygomatique
63%
Marque Américaine de briquets, fondé en 1932. Zippo
61%
Ancien nom de la République Démocratique du Congo. Zaïre
59%
Aucun quiz correspondant
Distribution des résultats
% des personnes avec chaque résultat
Percentile par nombre de réponses
Votre historique - résultats
Vous n’avez pas pris ce quiz